Stolice Europy - Statystyki

Ogólne statystyki
  • Ten quiz został rozwiązany 720 razy
  • Średni wynik to 38 z 47
Statystyki odpowiedzi
Państwo Stolica % Poprawnych
Albania Tirana
87%
Czechy Praga
86%
Austria Wiedeń
86%
Belgia Bruksela
85%
Finlandia Helsinki
85%
Białoruś Mińsk
85%
Bułgaria Sofia
85%
Andora Andora
84%
Hiszpania Madryt
84%
Bośnia i Hercegowina Sarajewo
84%
Polska Warszawa
84%
Holandia Amsterdam
83%
Grecja Ateny
83%
Niemcy Berlin
83%
Norwegia Oslo
83%
Czarnogóra Podgorica
83%
Chorwacja Zagrzeb
83%
Irlandia Dublin
82%
Słowenia Lublana
82%
Luksemburg Luksemburg
82%
Monako Monako
82%
Francja Paryż
82%
Łotwa Ryga
82%
San Marino San Marino
82%
Estonia Tallinn
82%
Malta Valletta
82%
Rumunia Bukareszt
81%
Ukraina Kijów
81%
Dania Kopenhaga
81%
Rosja Moskwa
81%
Liechtenstein Vaduz
81%
Watykan Watykan
81%
Szwajcaria Berno
80%
Mołdawia Kiszyniów
80%
Portugalia Lizbona
80%
Wielka Brytania Londyn
80%
Islandia Reykjavik
80%
Włochy Rzym
80%
Szwecja Sztokholm
80%
Litwa Wilno
80%
Turcja Ankara
79%
Słowacja Bratysława
79%
Węgry Budapeszt
79%
Kazachstan Nur-Sułtan
77%
Kosowo Prisztina
77%
Serbia Belgrad
76%
Macedonia Północna Skopje
76%
Nie znaleziono quizów pasujących do podanych kryteriów
Rozkład punktacji
Procent ludzi z każdym wynikiem
Percentyl według liczby udzielonych odpowiedzi
Twoja historia wyników
Nie rozwiązałeś tego quizu